Statistiques concernant Les GOAT's de chaque sport

Cliquez ici pour prendre le quiz!

Statistiques générales

  • Ce quiz a été pris 1 214 fois
  • Le résultat moyen est 12 sur 25

Statistiques - réponses

SportsGOATPays% Correct
FootballPelé/Cristiano Ronaldo/ MessiBresil
99%
BasketallLeBron James/Michael Jordan/KAJUSA
97%
TennisDjokovic/Nadal/FedererSerbie
96%
Athlétisme sprintUsain Bolt/Justin Gatlin/Yohan BlakeJamaique
96%
JudoTeddy Riner/Tadahiro Nomura/Yasuhiro YamashitaFrance
87%
NatationMichael Phelps/César Cielo/Kōsuke KitajimaUSA
76%
BoxeMohamed Ali/Floyd Mayweather/Mike TysonUSA
76%
BiathlonMartin Fourcade/Ole Einar Bjoerndalen/Frank UllrichFrance
73%
HandballNicolas Karabatic/Talant Dujshebaev/Ivano BalicFrance
70%
GolfTiger Woods/Jack Nichlaus/Sam SneadUSA
70%
Football AméricainTom Brady/Peyton Manning/Joe MontanaUSA
60%
BadmintonTaufik Hidayat/Lin Dan/Tony GunawanChine
58%
Saut a la percheArmand Duplantis/Sergei Bubka/Renaud LavillenieUSA/Suède
56%
RugbyJonah Lomu/Dan Carter/Richie McCawNouvelle Zélande
56%
VolleyballEarvin Ngapeth/Jimmy George/Yvan ZaytsevFrance
45%
CyclismeEddy Merckx/Bernard Hinault/Miguel IndurainBelgique
45%
MarathonEliud Kipchoge/Samuel Wanjiru/Abel KiruiKenya
32%
Triple sautJonathan Edwards/Teddy Tamgho/Kenny HarrisonRoyaume Uni
11%
Tennis de tableMa Long/Jan-Owe Waldner/Liu GuoliangChine
8%
SnookerRonnie O'Sullivan/Steve Davis/Stephen HendryUSA
8%
BaseballBabe Ruth/Hank Aaron/Willie MaysUSA
7%
Hockey sur glaceWayne Gretzky/Gordie Howe/Steve YzermanUSA/Canada
6%
CurlingKevin Martin/Randy Ferbey/Glenn HowardCanada
3%
Beach VolleyEmanuel Rego/Márcio Araújo/Ricardo SantosBrésil
2%
Patinage artistiqueYuzuru Hanyu/Dick Button/Nathan ChenJapon
2%

Distribution des résultats

Percentile par nombre de réponses

% des personnes avec chaque résultat

Votre développement - résultats

Vous n’avez pas pris ce quiz